000 00576nam a2200205Ia 4500
005 20250923150039.0
008 008 250917s9999 xx 000 0 eng d
037 _aTextual
040 _aDSWL
_beng
_cDSWL
041 _aeng
_2eng
084 _aT55:S0gY, N99
_qDSWL
100 _aPuri, Lovely
_9841635
245 0 _aAchievement motivation of girl students
_c by Lovely Puri
260 _aNew Delhi
_bRegency Publication
_c1999
300 _a167 p.
365 _aINR
_b300
925 _g300
942 _cTEXL
_hT55:S0gY, N99
999 _c1458939
_d1458939